Banskobystrický kraj
Fyziogeografická charakteristika Banskobystrického kraja. Vývoj administratívneho členenia kraja. Ekonomický potenciál v kraji. Negatívne faktory ovplyvňujúce rozvojový potenciál kraja. Stav životného prostredia v sledovanom kraji.
Guardado en:
| Autor principal: | |
|---|---|
| Formato: | Capítulo de libro |
| Lenguaje: | eslovaco |
| Materias: | |
| Etiquetas: |
Sin Etiquetas, Sea el primero en etiquetar este registro!
|
MARC
| LEADER | 00000naa a2200000 4500 | ||
|---|---|---|---|
| 001 | r035936 | ||
| 005 | 20230810105518.3 | ||
| 041 | 0 | |a slo | |
| 044 | |a SK | ||
| 245 | 1 | 0 | |a Banskobystrický kraj |c Jaroslav Mazúrek |
| 520 | |a Fyziogeografická charakteristika Banskobystrického kraja. Vývoj administratívneho členenia kraja. Ekonomický potenciál v kraji. Negatívne faktory ovplyvňujúce rozvojový potenciál kraja. Stav životného prostredia v sledovanom kraji. | ||
| 610 | 2 | 0 | |a rozvoj územný |
| 610 | 2 | 0 | |a členenie územné administratívne |
| 610 | 2 | 0 | |a obyvateľstvo |
| 610 | 2 | 0 | |a sektor terciárny |
| 610 | 2 | 0 | |a doprava |
| 610 | 2 | 0 | |a prostredie životné |
| 100 | 1 | |a Mazúrek, Jaroslav | |